Sports Quiz

Random Sports or MLB Quiz

MLB All 8.0+ WAR Seasons - Pitchers Quiz Stats

 Plays Quiz not verified by Sporcle

Challenge
Share
Tweet
Embed
Score 0/119 Timer 20:00
0 Plays Today
# / Year(s) Pitcher % Correct
9 - 1910-1919Walter Johnson
100%
7 - 1995-2004Randy Johnson
100%
1* - 2017Corey Kluber
100%
10 - 1892-1908Cy Young
99.5%
1 - 1905Irv Young
99.5%
6 - 1986-1998Roger Clemens
98.9%
4 - 1997-2003Pedro Martinez
98.9%
3 - 1992-1995Greg Maddux
98.4%
3 - 2003-2011Roy Halladay
97.8%
3 - 1968-1970Bob Gibson
97.3%
3 - 1971-1977Tom Seaver
96.2%
3 - 1963-1966Sandy Koufax
96.2%
1* - 2011Justin Verlander
95.6%
1 - 1991Tom Glavine
94.5%
2 - 2001-2002Curt Schilling
94%
1 - 2004Johan Santana
93.4%
2 - 1996-1998Kevin Brown
92.3%
2 - 1908-1909Three Finger Brown
92.3%
1 - 2011Cliff Lee
92.3%
2* - 2009-2015Zack Greinke
92.3%
1 - 1941Thornton Lee
92.3%
2 - 1987-1989Bret Saberhagen
91.8%
2 - 1972-1980Steve Carlton
91.8%
5 - 1901-1909Chirsty Mathewson
91.3%
1 - 1985Dwight Gooden
91.3%
4 - 1939-1946Bob Feller
89.6%
2 - 1977-1978Phil Niekro
89.1%
1 - 1975Jim Palmer
89.1%
6 - 1930-1937Lefty Grove
88.5%
6 - 1911-1920Pete Alexander
87.4%
2 - 1947-1953Warren Spahn
87.4%
1 - 1971Fergie Jenkins
86.3%
1 - 1964Don Drysdale
85.8%
1* - 2016Jake Arrieta
85.7%
4 - 1951-1954Robin Roberts
85.2%
1 - 1978Ron Guidry
84.7%
2 - 1965-1966Juan Marichal
84.2%
2 - 1972-1974Gaylord Perry
81.4%
1 - 1918Scott Perry
81.4%
1 - 1992Mike Mussina
80.9%
# / Year(s) Pitcher % Correct
1 - 1997Andy Pettitte
80.3%
1 - 1971Vida Blue
79.2%
1 - 1969Denny McLain
79.2%
2 - 1934-1937Lefty Gomez
77%
1 - 1986Mike Scott
75.4%
2 - 1971-1972Wilbur Wood
74.9%
1 - 1975Catfish Hunter
74.9%
1 - 1912Smokey Joe Wood
74.9%
2 - 1992-1993Kevin Appier
73.8%
1 - 1993Jose Rijo
73.8%
3 - 1944-1946Hal Newhouser
72.7%
1 - 1996Pat Hentgen
72.7%
1 - 1973Bert Blyleven
72.7%
1 - 1987Frank Viola
71.6%
2 - 1965-1970Sam McDowell
69.4%
1 - 1971Mickey Lolich
69.4%
1 - 1934Dizzy Dean
69.4%
2 - 1933-1936Carl Hubbell
67.8%
2 - 1965-1966Jim Bunning
67.2%
1 - 1976Mark Fidrych
66.7%
1 - 1910Russ Ford
66.1%
1 - 1977Frank Tanana
65.6%
1 - 1986Teddy Higuera
63.4%
8 - 1890-1898Kid Nichols
62.3%
1 - 1968Luis Tiant
60.7%
1 - 1985John Tudor
57.9%
4 - 1902-1905Rube Waddell
56.8%
2 - 1924-1928Dazzy Vance
56.8%
1 - 1904Eddie Plank
56.3%
4 - 1908-1912Ed Walsh
54.1%
2 - 1917-1919Eddie Cicotte
53%
1 - 1993Mark Langston
51.9%
1 - 1948Johnny Sain
51.4%
1 - 1977Rick Reuschel
50.3%
1 - 1964Dean Chance
49.2%
1 - 1969Larry Dierker
44.3%
4 - 1899-1904Joe McGinnity
43.7%
1 - 1974Jon Matlack
43.2%
1 - 1908Addie Joss
42.1%
1 - 1916Babe Ruth
41.5%
# / Year(s) Pitcher % Correct
1 - 1904Jack Chesbro
41.5%
2 - 1921-1922Red Faber
37.7%
3 - 1917-1920Stan Coveleski
37.2%
1 - 1944Dizzy Trout
35.5%
1 - 1975Rich Gossage
35%
1 - 1965Jim Maloney
35%
4 - 1899-1906Vic Willis
33.9%
1 - 1952Bobby Shantz
31.7%
4 - 1891-1897Amos Rusie
31.1%
1 - 1978Mike Caldwell
30.1%
1 - 1934Curt Davis
29.5%
1 - 1939Bucky Walters
27.9%
1 - 1973John Hiller
26.2%
1 - 1942Mort Cooper
25.7%
1 - 1914Dutch Leonard
25.7%
2 - 1930-1935Wes Ferrell
24.6%
1 - 1923Dolf Luque
21.3%
1 - 1939Bobo Newsom
20.2%
1 - 1969Bill Hands
18%
1 - 1910Jack Coombs
17.5%
1 - 1963Dick Ellsworth
16.9%
1 - 1927Tommy Thomas
16.9%
2 - 1917-1920Jim Bagby
15.3%
2 - 1899-1902Noodles Hahn
14.8%
1 - 1948Harry Brecheen
14.8%
1 - 1947Ewell Blackwell
14.8%
1 - 1914Bill James
13.7%
2 - 1911-1912Nap Rucker
12.6%
2 - 1895-1898Clark Griffith
12.6%
1 - 1905Ed Reulbach
12%
1 - 1926George Uhle
11.5%
1 - 1902Jack Taylor
10.9%
1 - 1924Howard Ehmke
9.8%
1 - 1911Vean Gregg
9.3%
1 - 1926Hal Carlson
7.7%
1 - 1913Reb Russell
6.6%
1 - 1908George McQuillan
6.6%
1 - 1890Kid Gleason
2.2%
1 - 1899Frank Kitson
1.6%

You're not logged in!

Compare scores with friends on all Sporcle quizzes.
Join for Free
OR
Log In

You Might Also Like...

Show Comments

Extras

Top Quizzes Today


Score Distribution

Your Account Isn't Verified!

In order to create a playlist on Sporcle, you need to verify the email address you used during registration. Go to your Sporcle Settings to finish the process.

Report this User

Report this user for behavior that violates our Community Guidelines.

Details: